000
00300nam a22001337a 4500
003
SGT
082
_a
617.645
_b
P25S
100
_a
Sehgal, Anshula
245
_a
Pulpal pathways of primary teeth
260
_b
SGT University
_c
2025
300
_a
54
650
_a
Pediatric Dentistry
942
_2
ddc
_c
TH
999
_c
30352
_d
30352